<?xml version="1.0" encoding="UTF-8"?>
<record
    xmlns:xsi="http://www.w3.org/2001/XMLSchema-instance"
    xsi:schemaLocation="http://www.loc.gov/MARC21/slim http://www.loc.gov/standards/marcxml/schema/MARC21slim.xsd"
    xmlns="http://www.loc.gov/MARC21/slim">

  <leader>01646nam a2200253 i 4500</leader>
  <controlfield tag="001">183444</controlfield>
  <controlfield tag="003">ES-MaACL</controlfield>
  <controlfield tag="005">20250716063338.0</controlfield>
  <controlfield tag="008">140430m19081914fr |         |||| ||fre d</controlfield>
  <datafield tag="080" ind1=" " ind2=" ">
    <subfield code="a">821.133.1-82"16"</subfield>
  </datafield>
  <datafield tag="100" ind1="1" ind2=" ">
    <subfield code="a">Pascal, Blaise,</subfield>
    <subfield code="d">1623-1662</subfield>
    <subfield code="9">89307</subfield>
  </datafield>
  <datafield tag="245" ind1="1" ind2="0">
    <subfield code="a">Oeuvres de Blaise Pascal / </subfield>
    <subfield code="c">publi&#xE9;es suivant l'ordre chronologique, avec documents compl&#xE9;mentaires, introductions et notes, par L&#xE9;on Brunschvicg et Pierre Boutroux [et F&#xE9;lix Gazier].</subfield>
  </datafield>
  <datafield tag="260" ind1=" " ind2=" ">
    <subfield code="a">Paris : </subfield>
    <subfield code="b">Hachette, </subfield>
    <subfield code="c">1908-1914.</subfield>
  </datafield>
  <datafield tag="300" ind1=" " ind2=" ">
    <subfield code="a">8 v. (LXV, 406; 574; 600, LXXXI, 356 p.) : </subfield>
    <subfield code="b">il. ; </subfield>
    <subfield code="c">22 cm.</subfield>
  </datafield>
  <datafield tag="490" ind1="1" ind2=" ">
    <subfield code="a">Les grands &#xE9;crivains de la France</subfield>
  </datafield>
  <datafield tag="500" ind1=" " ind2=" ">
    <subfield code="a">&#xCD;ndice.</subfield>
  </datafield>
  <datafield tag="505" ind1="8" ind2=" ">
    <subfield code="a">Contiene: I. Biographies. Pascal jusqu'a son arriv&#xE9;e &#xE0; Paris (1647) -- II. Pascal depuis son arriv&#xE9;e &#xE0; Paris (1647) jusqu'&#xE0; l'entr&#xE9;e de Jacqueline &#xE0; Port-Royal (1652) -- III. Pascal depuis l'entr&#xE9;e de Jacqueline &#xE0; Port-Royal (1652) jusqu'au M&#xE9;morial (!654) -- IV. Depuis le M&#xE9;morial du 23 novembre 1654 jusqu'au miracle de la Sainte-&#xC9;pine (fin mars 1656) -- V. Depuis le 10 avril 1656 (sixi&#xE8;me provinciale) jusqu'a le fin de septembre 1656 -- VI. Depuis le 30 septembre (treizi&#xE8;me provincile) jusqu'au 23 janvier 1657 (dix-septi&#xE8;me provinciale) -- VII. Depuis le 24 mars 1657 (dix-huiti&#xE8;me provinciale) jusqu'en juin 1658) -- VIII. Depuis juin 1658 jusqu'en d&#xE9;cembre 1658.</subfield>
  </datafield>
  <datafield tag="700" ind1="1" ind2=" ">
    <subfield code="a">Brunschvicg, L&#xE9;on, </subfield>
    <subfield code="d">1853-1904</subfield>
    <subfield code="9">32207</subfield>
  </datafield>
  <datafield tag="700" ind1="1" ind2=" ">
    <subfield code="a">Boutroux, Pierre.</subfield>
    <subfield code="9">154790</subfield>
  </datafield>
  <datafield tag="700" ind1="1" ind2=" ">
    <subfield code="a">Gazier, F&#xE9;lix.</subfield>
    <subfield code="9">154791</subfield>
  </datafield>
  <datafield tag="830" ind1="0" ind2=" ">
    <subfield code="a">Les grands &#xE9;crivains de la France</subfield>
    <subfield code="9">191990</subfield>
  </datafield>
  <datafield tag="852" ind1=" " ind2=" ">
    <subfield code="a">ES-MaACL</subfield>
    <subfield code="j">F-5738-45</subfield>
  </datafield>
  <datafield tag="999" ind1=" " ind2=" ">
    <subfield code="c">183444</subfield>
    <subfield code="d">183444</subfield>
  </datafield>
  <datafield tag="952" ind1=" " ind2=" ">
    <subfield code="0">0</subfield>
    <subfield code="1">0</subfield>
    <subfield code="4">0</subfield>
    <subfield code="7">0</subfield>
    <subfield code="a">ATENEOM</subfield>
    <subfield code="b">ATENEOM</subfield>
    <subfield code="c">DEPO2</subfield>
    <subfield code="d">2014-04-30</subfield>
    <subfield code="e">SC</subfield>
    <subfield code="l">0</subfield>
    <subfield code="o">F-5738-45</subfield>
    <subfield code="p">1192813</subfield>
    <subfield code="r">2023-02-23 00:00:00</subfield>
    <subfield code="w">2023-02-23</subfield>
    <subfield code="y">MONOGRAFIA</subfield>
  </datafield>
</record>
